Some aspects of queueing and storage systems
সংরক্ষণ করুন:
| প্রধান লেখক: | |
|---|---|
| বিন্যাস: | গ্রন্থ |
| ভাষা: | ইংরেজি |
| প্রকাশিত: |
Berlín
Springer-Verlag
1970
|
| মালা: | Lecture Notes in Operations Research and Mathematical Systems, 23
|
| বিষয়গুলি: | |
| ট্যাগগুলো: |
ট্যাগ যুক্ত করুন
কোনো ট্যাগ নেই, প্রথমজন হিসাবে ট্যাগ করুন!
|
MARC
| LEADER | 00000nam a2200000 a 4500 | ||
|---|---|---|---|
| 001 | UCP2632 | ||
| 003 | CL-VaPUC | ||
| 008 | 990520e19700000GW |||||||||||||||||eng|d | ||
| 082 | 0 | 4 | |a 519.82 |b GHO |2 21 |
| 100 | 0 | |a Ghosal, A |e author |9 429528 | |
| 245 | 1 | 0 | |a Some aspects of queueing and storage systems |
| 300 | |a 93 p | ||
| 942 | |c BK | ||
| 945 | |d 19990520 00:00:00 |a crobeson | ||
| 260 | |a Berlín |b Springer-Verlag |c 1970 | ||
| 650 | 7 | |a TEORIA DE COLAS |2 CL-VaPUC |9 336936 | |
| 650 | 0 | |a Procesos estocásticos |9 260364 | |
| 650 | 0 | |a Optimización matemática |9 259780 | |
| 650 | 7 | |a SISTEMAS CIBERNETICOS |2 CL-VaPUC |9 354475 | |
| 583 | |a last modification |c 19990520 00:00:00 |k Rodrigo Vera | ||
| 490 | 0 | |a Lecture Notes in Operations Research and Mathematical Systems, 23 | |
| 999 | |c 281143 |d 281141 | ||
| 952 | |0 0 |1 0 |4 0 |6 519_820000000000000_GHO_1970 |7 0 |8 A |9 321811 |a BIBMAT |b BIBMAT |d 2019-11-20 |i 1346369 |o 519.82 GHO 1970 |p 1346369 |r 2025-01-07 |w 2019-11-20 |y BK |k MAT | ||